LEADER 01005nam0 2200289 i 450 001 996361850303316 005 20201013085810.0 010 $a978-88-255-0554-2 020 $aIT$b2018-9095 100 $a20180723d2017----||||0itac50 ba 101 $aita 102 $aIT 200 1 $aEducare per lo sviluppo sostenibile$el'impegno degli atenei italiani$eesperienze in corso e buone pratiche$fGabriella Calvano$gprefazione di Stefano Paleari, Antonio Felice Uricchio 210 $aCanterano$cAracne$d2017 215 $a129 p.$d24 cm 225 $a<> officina dell'invisibile$v3 410 0$a<> officina dell'invisibile$v3 606 0 $aSviluppo sostenibile$xRuolo [delle] Università$yItalia$2BNCF 676 $a338.945 700 1$aCALVANO,$bGabriella$0766319 801 0$aIT$bsalbc$gISBD 912 $a996361850303316 951 $a338.945 CAL 1$b274678 L.M.$c338.945 CAL$d454372 959 $aBK 969 $aSOS 996 $aEducare per lo sviluppo sostenibile$91558899 997 $aUNISA LEADER 01721nam 2200361 450 001 996577941903316 005 20231209090842.0 010 $a1-5044-5592-4 024 7 $a10.1109/IEEESTD.2019.8664711 035 $a(CKB)4100000007802963 035 $a(NjHacI)994100000007802963 035 $a(EXLCZ)994100000007802963 100 $a20231209d2019 uy 0 101 0 $aeng 135 $aur||||||||||| 181 $ctxt$2rdacontent 182 $cc$2rdamedia 183 $acr$2rdacarrier 200 10$aISO/IEC/IEEE 8802-1Q:2016/Amd.7:2019(E) $eIEEE/ISO/IEC International Standard - Information technology - Telecommunications and information exchange between systems - Local and metropolitan area networks - Specific requirements - Part 1Q, Bridges and bridged networks - AMENDMENT 7, Cyclic queuing and forwarding /$fInstitute of Electrical and Electronics Engineers 210 1$aNew York, New York :$cIEEE,$d2019. 215 $a1 online resource (34 pages) 330 $aThe use of traffic scheduling and per-stream filtering and policing to support cyclic queuing and forwarding are described in this amendment to IEEE Std 8802.1Q-2016. 517 $a8802-1Q/Amd 7-2019 - IEEE/ISO/IEC International Standard - Information technology - Telecommunications and information exchange between systems - Local and metropolitan area networks - Specific requirements - Part 1Q 517 $aISO/IEC/IEEE 8802-1Q 606 $aLocal area networks (Computer networks)$xStandards 615 0$aLocal area networks (Computer networks)$xStandards. 676 $a004.680973 801 0$bNjHacI 801 1$bNjHacl 906 $aDOCUMENT 912 $a996577941903316 996 $aISO$91086301 997 $aUNISA